000 00376nam a2200157Ia 4500
003 0STCL
008 150530s9999 xx 000 0 und d
040 _aSTCL
_cSTCL
100 _aAlan; Palmer Veronica
245 _aWhos who is Shakespeares England
260 _bHarvester press
_c1981
546 _aEnglish
942 _2ddc
_cBK
999 _c55667
_d55667
005 20220125170956.0